Models of God : theology for an ecological, nuclear age /

Bibliographic Details
Main Author: McFague, Sallie
Format: Book
Language:English
Published: Philadelphia : Fortress Press, [1987]
Subjects:

MARC

Tag First Indicator Second Indicator Subfields
LEADER 00000cam a2200000 a 4500
001 in00000031113
005 20151007054952.0
008 870130s1987 pau b 00010 eng
010 |a  86046435  
020 |a 0800620518 
035 |a (OCoLC)15198636 
035 |9 AAB6792AM 
040 |a DLC  |c DLC  |d TXA  |d UtOrBLW 
049 |a TXAM  |c [A11496261] 
050 0 0 |a BT102  |b .M425 1987 
050 4 |a BT102  |b .M425 1988 
082 0 |a 231.7  |2 19 
100 1 |a McFague, Sallie. 
245 1 0 |a Models of God :  |b theology for an ecological, nuclear age /  |c Sallie McFague. 
264 1 |a Philadelphia :  |b Fortress Press,  |c [1987] 
264 3 |c 1988 printing 
264 4 |c ©1987 
300 |a xv, 224 pages ;  |c 22 cm. 
336 |a text  |b txt  |2 rdacontent 
337 |a unmediated  |b n  |2 rdamedia 
338 |a volume  |b nc  |2 rdacarrier 
504 |a Bibliography: pages 189-224. 
650 0 |a God. 
650 0 |a Theology. 
999 |a MARS 
999 f f |s 98d22f35-d543-382d-9fe2-72a2636f0315  |i 1d56d51d-6f0d-3c7a-93de-22ad5c04581b  |t 0 
952 f f |p ric  |a Texas A&M University  |b Rellis Campus  |c Joint Library Facility  |d Remote Storage  |t 0  |e BT102 .M425 1988  |h Library of Congress classification  |i unmediated -- volume  |m A14811496261 
998 f f |a BT102 .M425 1988  |t 0  |l Remote Storage